[Event "GER CM04-D email"]
[Site "GER email"]
[Date "2017.06.26"]
[Round "?"]
[White "Krauss, Heiko"]
[Black "Zhekov, Zhivko"]
[Result "1/2-1/2"]
[WhiteElo "2328"]
[BlackElo "2326"]
[PlyCount "59"]
[EventDate "2017.??.??"]
[EventType "tourn (corr)"]
[EventRounds "10"]
[EventCountry "GER"]
[SourceTitle "Corr 2020"]
[Source "ChessBase"]
[SourceDate "2019.09.30"]
[SourceVersion "1"]
[SourceVersionDate "2019.09.30"]
[SourceQuality "1"]

1. e4 c5 2. Nc3 e6 3. f4 d5 4. Nf3 Nc6 5. Bb5 Nge7 6. Qe2 d4 7. Nd1 a6 8. Bxc6+ Nxc6 9. d3 Be7 10. Nf2 a5 11. g4 Qc7 12. e5 a4 13. Ne4 b5 14. h4 h6 15. Bd2 Bb7 16. h5 0-0-0 17. 0-0-0 b4 18. Rhg1 Na7 19. f5 Bd5 20. f6 gxf6 21. exf6 Bf8 22. Kb1 Nb5 23. Ka1 c4 24. dxc4 Bxc4 25. Qe1 Bd5 26. Qe2 Bc4 27. Qe1 a3 28. b3 Bd5 29. Qe2 Bxe4 30. Qxe4 1/2-1/2

[Event "GER CM04-D email"]
[Site "GER email"]
[Date "2017.06.26"]
[Round "?"]
[White "Markic, Vladimir"]
[Black "Zhekov, Zhivko"]
[Result "1/2-1/2"]
[WhiteElo "2328"]
[BlackElo "2326"]
[PlyCount "37"]
[EventDate "2017.??.??"]
[EventType "tourn (corr)"]
[EventRounds "10"]
[EventCountry "GER"]
[SourceTitle "Corr 2020"]
[Source "ChessBase"]
[SourceDate "2019.09.30"]
[SourceVersion "1"]
[SourceVersionDate "2019.09.30"]
[SourceQuality "1"]

1. e4 c5 2. Nf3 Nc6 3. Nc3 g6 4. d4 cxd4 5. Nxd4 Bg7 6. Be3 Nf6 7. Bc4 0-0 8. Bb3 a5 9. 0-0 d6 10. f3 Nxd4 11. Bxd4 Be6 12. Bxe6 fxe6 13. Nb5 Nd7 14. c3 Bxd4+ 15. cxd4 Qb6 16. a4 e5 17. Kh1 exd4 18. Nxd4 Qb4 19. Nb5 1/2-1/2

[Event "GER CM04-D email"]
[Site "GER email"]
[Date "2017.06.26"]
[Round "?"]
[White "Muniz Pardino, Alberto"]
[Black "Zhekov, Zhivko"]
[Result "1-0"]
[WhiteElo "2336"]
[BlackElo "2326"]
[PlyCount "113"]
[EventDate "2017.??.??"]
[EventType "tourn (corr)"]
[EventRounds "10"]
[EventCountry "GER"]
[SourceTitle "Corr 2020"]
[Source "ChessBase"]
[SourceDate "2019.09.30"]
[SourceVersion "1"]
[SourceVersionDate "2019.09.30"]
[SourceQuality "1"]

1. e4 c5 2. Nf3 d6 3. d4 cxd4 4. Nxd4 Nf6 5. Nc3 g6 6. Be3 Bg7 7. f3 Nc6 8. Qd2 0-0 9. 0-0-0 d5 10. Qe1 e5 11. Nxc6 bxc6 12. exd5 Nxd5 13. Bc4 Be6 14. Kb1 Rb8 15. Ne4 f5 16. Bxa7 Qe7 17. Bc5 Qb7 18. Bb3 fxe4 19. Bxf8 Bxf8 20. fxe4 Nf4 21. Qc3 Bxb3 22. cxb3 Re8 23. g3 Ne6 24. Qxe5 h6 25. Rhf1 Bg7 26. Qd6 c5 27. Qd5 Qb8 28. e5 Kh7 29. a3 Nd4 30. Qxc5 Nf5 31. Rd7 Qxb3 32. Qc7 Kh8 33. Re1 Rb8 34. Rd8+ Rxd8 35. Qxd8+ Kh7 36. Qd1 Qb8 37. Qd5 Qb6 38. Qe4 Qb3 39. g4 Nd6 40. Qc2 Qe6 41. h4 Kh8 42. h5 gxh5 43. gxh5 Nf7 44. a4 Nxe5 45. Rc1 Nd7 46. Qc8+ Bf8 47. Rd1 Qe4+ 48. Qc2 Qe6 49. a5 Nc5 50. Qc3+ Kh7 51. Rf1 Qd6 52. Qc2+ Kg8 53. Qg6+ Qxg6+ 54. hxg6 Na6 55. Kc2 h5 56. Kb3 h4 57. Kc4 1-0

[Event "GER CM04-D email"]
[Site "GER email"]
[Date "2017.06.26"]
[Round "?"]
[White "Zhekov, Zhivko"]
[Black "Eschert, Uwe"]
[Result "1/2-1/2"]
[WhiteElo "2326"]
[BlackElo "2325"]
[PlyCount "57"]
[EventDate "2017.??.??"]
[EventType "tourn (corr)"]
[EventRounds "10"]
[EventCountry "GER"]
[SourceTitle "Corr 2020"]
[Source "ChessBase"]
[SourceDate "2019.09.30"]
[SourceVersion "1"]
[SourceVersionDate "2019.09.30"]
[SourceQuality "1"]

1. e4 c5 2. c3 e5 3. Nf3 Nc6 4. Bc4 Nf6 5. Ng5 d5 6. exd5 Nxd5 7. d4 cxd4 8. Nxf7 Kxf7 9. Qf3+ Ke6 10. a4 Be7 11. Qe4 Qd7 12. 0-0 Rd8 13. f4 Kf7 14. Qxh7 Bf6 15. fxe5 Nxe5 16. Bxd5+ Qxd5 17. Bh6 Rg8 18. Nd2 Bg4 19. c4 Nxc4 20. Nxc4 Be2 21. Rf5 Qxc4 22. Bg5 Ke6 23. Qh3 Bxg5 24. Rxg5+ Kd6 25. Qg3+ Kd7 26. Qh3+ Qe6 27. Rd5+ Ke7 28. Qh4+ g5 29. Qxd4 1/2-1/2